[Event "TCh-BEL 2006-7"]
[Site "Belgium BEL"]
[Date "2007.03.11"]
[Round "10"]
[White "Schalkx,J"]
[Black "Steen,P"]
[Result "1-0"]
[WhiteElo "2246"]
[BlackElo "2170"]

1.e4 d5 2.exd5 Qxd5 3.Nc3 Qd6 4.g3 Nf6 5.Bg2 c6 6.Nf3 Bg4 7.h3 Bh5 8.O-O e6
9.b4 Be7 10.b5 O-O 11.a4 Nd5 12.Ba3 Qc7 13.Ne4 Bxa3 14.Rxa3 Nd7 15.bxc6 bxc6
16.d4 Rab8 17.c4 N5f6 18.Nxf6+ Nxf6 19.g4 Bg6 20.Ne5 Be4 21.Bxe4 Nxe4 22.Re1 Nf6
23.Qf3 c5 24.g5 Nd7 25.Nc6 Rbe8 26.d5 exd5 27.Rxe8 Rxe8 28.cxd5 Nf8 29.Re3 Qd7
30.Rxe8 Qxe8 31.d6 Ng6 32.Nxa7 Nh4 33.Qf4 Ng6 34.Qd2 Qd7 35.Nb5 Ne5 36.Qd5 Nc6
37.a5 g6 38.a6 Nb4 39.a7 Nxd5 40.a8=Q+ Kg7 41.Qxd5 Qxb5 42.d7  1-0

[Event "VS Arhipov Mem"]
[Site "Chelyabinsk RUS"]
[Date "2007.03.12"]
[Round "4"]
[White "Sveshnikov,E"]
[Black "Ponkratov,P"]
[Result "1-0"]
[WhiteElo "2504"]
[BlackElo "2469"]

1.e4 d5 2.exd5 Qxd5 3.Nc3 Qd6 4.d4 Nf6 5.Nf3 a6 6.g3 Bg4 7.h3 Bxf3 8.Qxf3 c6
9.Be3 e6 10.O-O-O Be7 11.g4 Qc7 12.g5 Nd5 13.Ne4 b5 14.h4 Nd7 15.Kb1 Rf8
16.c4 bxc4 17.Bxc4 N7b6 18.Rc1 Rb8 19.Bb3 a5 20.Nc5 Qa7 21.a3 a4 22.Ba2 Bd6
23.Rc2 Ke7 24.h5 Rbd8 25.Ne4 Qd7 26.h6 g6 27.Nf6 Nxf6 28.gxf6+ Ke8 29.Rxc6 Qb7
30.d5 Na8 31.dxe6 fxe6 32.Bxe6  1-0

[Event "ch-RUS U20"]
[Site "Saint Petersburg RUS"]
[Date "2007.03.12"]
[Round "3"]
[White "Lanin,A"]
[Black "Lysyj,I"]
[Result "1/2-1/2"]
[WhiteElo "2465"]
[BlackElo "2576"]

1.e4 d5 2.exd5 Qxd5 3.Nc3 Qd6 4.d4 Nf6 5.Nf3 c6 6.g3 Bg4 7.Bg2 e6 8.O-O Nbd7
9.Bf4 Qb4 10.Rb1 Be7 11.h3 Bxf3 12.Bxf3 O-O 13.Ne2 Qa5 14.Nc1 Rfe8 15.a3 e5
16.b4 Qc7 17.dxe5 Nxe5 18.Nd3 Bd6 19.Nxe5 Bxe5 20.Bxe5 Rxe5  1/2-1/2

[Event "ch-RUS U20 Girls"]
[Site "Saint Petersburg RUS"]
[Date "2007.03.12"]
[Round "3"]
[White "Kovanova,B"]
[Black "Lomako,A"]
[Result "1/2-1/2"]
[WhiteElo "2334"]
[BlackElo "2300"]

1.e4 d5 2.exd5 Qxd5 3.Nc3 Qd6 4.d4 Nf6 5.h3 c6 6.Nf3 Bf5 7.Bd3 Bxd3 8.Qxd3 Nbd7
9.Be3 e6 10.a3 Be7 11.O-O O-O 12.Rad1 Qc7 13.Bg5 Rfe8 14.Rfe1 Rad8 15.Qe2 Nd5
16.Ne4 Bxg5 17.Nexg5 h6 18.Ne4 e5 19.Qc4 b5 20.Qb3 exd4 21.Rxd4 Nf4 22.Rdd1 Rxe4
23.Rxe4 Nc5 24.Rxd8+ Qxd8 25.Qe3 Nxe4 26.Qxe4 Qf6 27.Kh2 Nd5 28.Qe8+ Kh7
29.Qe5 Qg6 30.Nd4 a6 31.f4 c5 32.Nf5 Nb6 33.Qxc5 Na4 34.Qe5 Nxb2 35.Ne7 Qe6
36.Qxb2 Qxe7  1/2-1/2

[Event "ch-RUS U20 Girls"]
[Site "Saint Petersburg RUS"]
[Date "2007.03.14"]
[Round "5"]
[White "Fominykh,M"]
[Black "Lomako,A"]
[Result "1-0"]
[WhiteElo "2316"]
[BlackElo "2300"]

1.e4 d5 2.exd5 Qxd5 3.Nc3 Qd6 4.d4 Nf6 5.Nf3 a6 6.g3 Bg4 7.h3 Bxf3 8.Qxf3 c6
9.Be3 e6 10.a3 Be7 11.Bg2 O-O 12.O-O Nbd7 13.Rfd1 Nb6 14.b3 a5 15.Ne2 Nbd5
16.Bd2 e5 17.dxe5 Qxe5 18.c4 Nb6 19.Bf4 Qf5 20.g4 Qc8 21.Ng3 a4 22.Nf5 Re8
23.Qe3 Bd8 24.Nd6 Rxe3 25.Nxc8 Re8 26.Nd6 Re7 27.b4 Bc7 28.Nf5 Bxf4 29.Nxe7+ Kf8
30.c5 Kxe7 31.cxb6 Ra6 32.Rd4 g5 33.Re1+ Kf8 34.Rd8+ Kg7 35.Bf1 Rxb6 36.Bc4 c5
37.bxc5 Rc6 38.Re7 Rxc5 39.Rxf7+ Kg6 40.Rdf8 Be5 41.Bd3+ Kh6 42.Rxb7 Rc7
43.Rxc7  1-0

[Event "Victor Ciocaltea Mem"]
[Site "Bucharest ROM"]
[Date "2007.03.16"]
[Round "10"]
[White "Ivanov,Al3"]
[Black "Benkovic,P"]
[Result "0-1"]
[WhiteElo "2458"]
[BlackElo "2433"]

1.e4 d5 2.exd5 Qxd5 3.Nc3 Qd6 4.d4 Nf6 5.Nf3 a6 6.g3 Bg4 7.h3 Bxf3 8.Qxf3 c6
9.Bf4 Qxd4 10.Rd1 Qb6 11.Bg2 e6 12.O-O Be7 13.Na4 Qb5 14.b3 Nbd7 15.g4 h6
16.Qg3 Rc8 17.h4 g5 18.hxg5 hxg5 19.Bc7 Qe2 20.Rd4 Qxc2 21.Rfd1 Nd5 22.Be4 Qxa2
23.Bxd5 cxd5 24.R4d2 Qa3 25.Be5 Rh4  0-1

[Event "ch-SRB"]
[Site "Vrsac SRB"]
[Date "2007.03.16"]
[Round "12"]
[White "Pikula,D"]
[Black "Savic,Miod1"]
[Result "1/2-1/2"]
[WhiteElo "2513"]
[BlackElo "2533"]

1.e4 d5 2.exd5 Qxd5 3.Nc3 Qd6 4.d4 Nf6 5.Nf3 Bg4 6.Be2 c6 7.O-O e6 8.h3 Bxf3
9.Bxf3 Nbd7 10.Re1 Be7 11.Ne4 Nxe4 12.Bxe4 Nf6 13.Bf3 O-O 14.c3 Qc7 15.Bg5 h6
16.Bh4 Rfd8 17.Qb3 Nd5 18.Bg3 Bd6 19.Bxd6 Rxd6 20.Rad1 Rad8 21.g3 Nf6  1/2-1/2

[Event "60th ch-RUS sf Urals"]
[Site "Nizhnij Tagil RUS"]
[Date "2007.03.17"]
[Round "4"]
[White "Krutko,A"]
[Black "Abramov,Al"]
[Result "1/2-1/2"]
[WhiteElo "2351"]
[BlackElo "2282"]

1.e4 d5 2.exd5 Qxd5 3.Nc3 Qd6 4.d4 Nf6 5.Nf3 a6 6.Bd3 Nc6 7.Ne4 Nxe4 8.Bxe4 Bg4
9.c3 f5 10.Bc2 e5 11.dxe5 Qxd1+ 12.Bxd1 O-O-O 13.Bf4 Bxf3 14.gxf3 Re8 15.Ba4 Bd6
16.Bxc6 bxc6 17.Kd2 Bxe5 18.Bxe5 Rxe5 19.Rhe1  1/2-1/2

[Event "Victor Ciocaltea Mem"]
[Site "Bucharest ROM"]
[Date "2007.03.18"]
[Round "12"]
[White "Szabo,G ROM"]
[Black "Benkovic,P"]
[Result "1-0"]
[WhiteElo "2496"]
[BlackElo "2433"]

1.e4 d5 2.exd5 Qxd5 3.Nc3 Qd6 4.d4 Nf6 5.Nf3 a6 6.g3 Bg4 7.Bg2 c6 8.O-O e6
9.Ne2 Bxf3 10.Bxf3 Qc7 11.c4 Be7 12.b3 O-O 13.Bb2 Rd8 14.Qc2 Nbd7 15.Bg2 Nf8
16.Nf4 Ng6 17.Nd3 Ne8 18.f4 Nd6 19.Rad1 Nf5 20.Qf2 a5 21.Kh1 Nh6 22.d5 Bf6
23.dxe6 fxe6 24.Bxf6 gxf6 25.Qe2 Qe7 26.Rde1 Nf5 27.Nf2 Nd4 28.Qb2 c5 29.f5 Nxf5
30.Ng4 Nd4 31.Rxf6 Qg7 32.Ref1 Rf8 33.Qd2 Kh8 34.Rxf8+ Rxf8 35.Qxa5 h5 36.Ne3 Qe5
37.Rxf8+ Nxf8 38.Qd2 b6 39.Qd3 Nd7 40.Qe4 Qxe4 41.Bxe4 Nf6 42.Bd3 Ng4 43.Nd1 Kg7
44.Kg2 Kf6 45.h3 Ne5 46.Be4 Ne2 47.Kf2 Nd4 48.Nb2 Nd7 49.Ke3 Kg5 50.b4 Nf5+
51.Bxf5 exf5 52.a3 f4+ 53.gxf4+ Kh4 54.Kf3 Kxh3 55.Nd3 Kh2 56.bxc5 bxc5 57.a4 h4
58.a5 h3 59.Nf2  1-0

[Event "Bundesliga 2006-7"]
[Site "Solingen GER"]
[Date "2007.03.18"]
[Round "13"]
[White "Bartel,Mat"]
[Black "Muse,M"]
[Result "1-0"]
[WhiteElo "2587"]
[BlackElo "2445"]

1.e4 d5 2.exd5 Qxd5 3.Nc3 Qd6 4.d4 Nf6 5.Nf3 c6 6.h3 g6 7.Ne5 Be6 8.Bf4 Qd8
9.Qd2 Bg7 10.O-O-O O-O 11.Bh6 Nbd7 12.Bxg7 Kxg7 13.f4 Qa5 14.Nxd7 Nxd7 15.a3 Nf6
16.g4 Nd5 17.f5 gxf5 18.Qg5+ Kh8 19.Nxd5 Qxd5 20.Bd3 f6 21.Qe3 Rae8 22.Rhe1 Bc8
23.c4 Qd6 24.gxf5 Rg8 25.Rg1 Rd8 26.c5 Qd5 27.Rxg8+ Rxg8 28.Be4 Qc4+ 29.Kb1 Rg5
30.Re1 Qg8 31.Bc2 Rg7 32.Ka1 Qd5 33.Be4 Qg8 34.Bb1 Qd8 35.Qf4 Bd7 36.h4 Be8
37.Ba2 Bh5 38.Qe3 Bg4 39.Be6 Bh5 40.Rc1 Bf7 41.Bxf7 Rxf7 42.Qe6 Rg7 43.Rd1 Qg8
44.d5 cxd5 45.Qxd5 Qc8 46.b4 Rg8 47.Qd7 b6 48.Qxc8 Rxc8 49.Rd7 bxc5 50.b5 c4
51.Rxa7 c3 52.Kb1 Rc5 53.a4 Rxf5 54.Kc2  1-0

[Event "Victor Ciocaltea Mem"]
[Site "Bucharest ROM"]
[Date "2007.03.19"]
[Round "13"]
[White "Lupulescu,C"]
[Black "Milanovic,Da"]
[Result "1-0"]
[WhiteElo "2566"]
[BlackElo "2519"]

1.e4 d5 2.exd5 Qxd5 3.Nc3 Qd8 4.d4 Nf6 5.Nf3 a6 6.Ne5 e6 7.Bf4 Nbd7 8.Qf3 Nb6
9.O-O-O Nbd5 10.Bc4 Nxf4 11.Qxf4 Bd6 12.g4 O-O 13.g5 Nd7 14.h4 b5 15.Qe4 Rb8
16.Bd3 f5 17.gxf6 Nxf6 18.Qe2 Bb7 19.Rhg1 b4 20.Na4 Qe8 21.Nc5 Bxc5 22.dxc5 Bd5
23.Rg5 c6 24.Rdg1 Rb7 25.h5 Kh8 26.f3 Ng8 27.Bxh7 Kxh7 28.Qd3+ g6 29.Nxg6 Rf5
30.Nh4 Nh6 31.Nxf5 exf5 32.Qd4 Qf8 33.Rg6 a5 34.Rd6 Re7 35.Rgg6 Ng8 36.Qf4 Qe8
37.Rh6+ Kg7 38.Rdg6+ Kf8 39.Qxf5+ Rf7 40.Rxg8+ Kxg8 41.Qg6+  1-0

[Event "ch-RUS U20"]
[Site "Saint Petersburg RUS"]
[Date "2007.03.19"]
[Round "9"]
[White "Ponkratov,P"]
[Black "Lysyj,I"]
[Result "1/2-1/2"]
[WhiteElo "2469"]
[BlackElo "2576"]

1.e4 d5 2.exd5 Qxd5 3.Nc3 Qd6 4.d4 Nf6 5.Nf3 c6 6.Ne5 Nbd7 7.Bf4 Nd5 8.Nxd5 Qxd5
9.f3 Nxe5 10.Bxe5 Bf5 11.c3 f6 12.Bg3 h5 13.Qb3 Qxb3 14.axb3 h4 15.Bf2 a6
16.Bc4 e6 17.Kd2 Bd6 18.g4 hxg3 19.hxg3 Kd7 20.Bd3 Bxd3 21.Kxd3 f5 22.f4 Be7
23.Be3 Bf6 24.Ke2 g6 25.Kf3 Rxh1 26.Rxh1 Rh8 27.Rxh8 Bxh8 28.g4 b5 29.g5 Bg7
30.b4 Bf8 31.Ke2 Bd6 32.b3 Bc7 33.c4 Bd6  1/2-1/2

[Event "VIII Dos Hermanas Internet"]
[Site "ICC INT"]
[Date "2007.03.23"]
[Round "1.3"]
[White "Zinchenko,Ya"]
[Black "Kogan,Ar"]
[Result "1-0"]
[WhiteElo "2507"]
[BlackElo "2566"]

1.e4 d5 2.exd5 Qxd5 3.Nc3 Qd8 4.d4 Nf6 5.Bc4 c6 6.Nf3 b5 7.Bb3 e6 8.O-O a5
9.a4 b4 10.Nb1 Be7 11.Bf4 O-O 12.Nbd2 Nbd7 13.Nc4 Ba6 14.Re1 Nd5 15.Bg3 c5
16.Nfe5 Rc8 17.Nxd7 Qxd7 18.dxc5 Rxc5 19.Ne5 Qc8 20.Nd3 Bxd3 21.Qxd3 Rd8
22.Qe4 Bf6 23.Rab1 g6 24.h4 Bg7 25.Qf3 Nb6 26.Bf4 Nc4 27.Bg5 Rd7 28.Rbd1 Nxb2
29.Rxd7 Qxd7 30.Qa8+ Qc8 31.Qa7 Bd4 32.Qe7 Rc7 33.Qd6 Rd7 34.Qf4 Nc4 35.h5 e5
36.Qf6 e4 37.Qf4 e3 38.fxe3 Nxe3 39.Kh1 Nf5 40.g4 Ng7 41.h6 Ne8 42.Qe4 Rc7
43.Qxe8+  1-0

[Event "Vladimir Zak mem"]
[Site "St Petersburg RUS"]
[Date "2007.03.24"]
[Round "1"]
[White "Maevsky,N"]
[Black "Melnikov,N1"]
[Result "1-0"]
[WhiteElo "2158"]
[BlackElo "1838"]

1.e4 d5 2.exd5 Qxd5 3.Nc3 Qd6 4.Bc4 Nf6 5.d3 a6 6.h3 b5 7.Bb3 Bb7 8.Nf3 e6
9.Bg5 Be7 10.Qe2 Nc6 11.O-O O-O 12.Rfe1 Rfe8 13.Rad1 Nd4 14.Nxd4 Qxd4 15.a3 c5
16.Be3 Qh4 17.a4 b4 18.Nb1 Nd5 19.Bxd5 Bxd5 20.Nd2 Rad8 21.b3 Rc8 22.Qg4 h5
23.Qxh4 Bxh4 24.Bf4 Bf6 25.Be5 Be7 26.Nf1 f6 27.Bh2 e5 28.Ne3 Be6 29.g4 hxg4
30.hxg4 Kf7 31.f3 Bd8 32.Kf2 Rh8 33.Bg3 Bc7 34.Rh1 g6 35.Ng2 Rxh1 36.Rxh1 Kg7
37.Re1 Kf7 38.g5 Rh8 39.gxf6 Kxf6 40.Ne3 Rh5 41.Nf1 Rh3 42.Nd2 Bd5 43.Kg2 Rh5
44.Bf2 Bd6 45.Ne4+ Bxe4 46.Rxe4 Rg5+ 47.Bg3 Rh5 48.Kf2 Rh1 49.Ke2 g5 50.Rc4 Rh3
51.Bf2 Rh2 52.Kf1 Kf5 53.Kg1 Rh6 54.Kg2 Be7 55.Bxc5 Bxc5 56.Rxc5 Kf4 57.Rc4+ Ke3
58.Rxb4 Rc6 59.Rc4 Rxc4 60.bxc4 Kd4 61.a5  1-0

[Event "Open"]
[Site "Zagreb CRO"]
[Date "2007.03.24"]
[Round "8"]
[White "Stevic,H"]
[Black "Mrdja,M"]
[Result "1/2-1/2"]
[WhiteElo "2495"]
[BlackElo "2397"]

1.e4 d5 2.exd5 Qxd5 3.Nc3 Qd6 4.d4 Nf6 5.Nf3 c6 6.Ne5 Nbd7 7.Bf4 Nd5 8.Nxd5 Qxd5
9.Nc4 Qe4+ 10.Be3 Nb6 11.Nd2 Qg6 12.c4 Bf5 13.Nf3 Bg4 14.Ne5 Bxd1 15.Nxg6 hxg6
16.Kxd1 e6 17.Kc2 O-O-O 18.Be2 Be7 19.h3 Bf6 20.Rhd1 Rh4 21.b3 Rd7 22.Bg4 Be7
23.g3 Rh8 24.h4 Rhd8 25.Rd3 c5 26.Rad1 cxd4 27.Bxd4 Bf6 28.Be3 Rxd3 29.Rxd3 Rxd3
30.Kxd3 Nd7 31.f4 b6 32.b4 Be7 33.Bd2 Kc7 34.Bf3 f5 35.Ke2 Bf6 36.Be1 Bd4
37.Kd3 Bf6 38.Ke3 Kd6 39.g4 Bb2 40.Bd2 Nf6 41.g5 Nd7 42.h5 gxh5 43.Bxh5 e5
44.Bg6 Ke6 45.Bh7 Nf8 46.Bg8+ Kd6 47.fxe5+ Kxe5 48.Kf3 Ne6 49.Be3 Nd4+ 50.Bxd4+  1/2-1/2

[Event "Vladimir Zak mem"]
[Site "St Petersburg RUS"]
[Date "2007.03.26"]
[Round "3"]
[White "Airumian,S"]
[Black "Melnikov,N1"]
[Result "1-0"]
[WhiteElo "2056"]
[BlackElo "1838"]

1.e4 d5 2.exd5 Qxd5 3.Nc3 Qd6 4.Nf3 Nf6 5.d4 Bg4 6.Nb5 Qd8 7.Bf4 Na6 8.Bc4 c6
9.Ne5 Be6 10.Bxe6 fxe6 11.Nc3 Nb4 12.O-O Nbd5 13.Bg5 Qc7 14.Nxd5 cxd5 15.Re1 g6
16.Nd3 Ne4 17.Bf4 Qb6 18.Be5 Rg8 19.f3 Nd6 20.Bxd6 Qxd4+ 21.Kh1 exd6 22.Rxe6+ Kd8
23.Qe2 Kc7 24.c3 Qc4 25.b3 Qb5 26.Qd2 Rd8 27.Nb4 Kb8 28.Nxd5 Bh6 29.Qxh6 Qxd5
30.Re7 Rgf8 31.Qxh7 Rxf3 32.Rxb7+ Qxb7 33.Qxb7+ Kxb7 34.gxf3 Rf8 35.Kg2 Kc6
36.Kf2 Rh8 37.Kg3 Kd5 38.Rd1+ Ke6 39.h4 Rh5 40.Re1+ Kd7 41.Kg4 Rd5 42.Re3 Rd2
43.a4 a5 44.Kg5 Rg2+ 45.Kf6 Kc6 46.b4 axb4 47.cxb4 Rh2 48.Re4 Rg2 49.Rg4 Rf2
50.f4 Ra2 51.Kxg6 Rxa4 52.f5 Ra8 53.Rf4 Kd5 54.f6 Ke5 55.Rf5+ Ke6 56.f7 Rf8
57.Kg7 Ke7 58.Rf1  1-0

[Event "ch-DEN"]
[Site "Aalborg DEN"]
[Date "2007.04.01"]
[Round "2"]
[White "Rasmussen,A"]
[Black "Hansen,SuB"]
[Result "1/2-1/2"]
[WhiteElo "2389"]
[BlackElo "2560"]

1.e4 d5 2.exd5 Qxd5 3.Nc3 Qd6 4.d4 c6 5.Nf3 Bg4 6.h3 Bxf3 7.Qxf3 e6 8.Bf4 Qd8
9.O-O-O Nf6 10.g4 Be7 11.Kb1 Nbd7 12.Bc1 Qa5 13.g5 Nd5 14.Ne4 b5 15.h4 N7b6
16.h5 Rf8 17.Qb3 Qa4 18.Qxa4 Nxa4 19.Rh3 Nab6 20.b3 b4 21.c4 bxc3 22.Nxc3 a5
23.a3 Kd7 24.Ne4 Kc7 25.Bd3 f5 26.gxf6 gxf6 27.Re1 f5 28.Nc5 Bxc5 29.dxc5 Nd7
30.Rxe6 Nxc5 31.Rh6 Rf7 32.Bc4 Rd8 33.Rf3 Kb7 34.Kc2 Ne4 35.Re6 Rfd7 36.Rxf5 Ndc3
37.Rf3 Rd2+ 38.Bxd2 Rxd2+ 39.Kc1 Rd1+ 40.Kc2 Rd2+ 41.Kc1 Rd1+ 42.Kc2 Rd2+
43.Kc1 Na2+ 44.Kb1  1/2-1/2

[Event "30th Open"]
[Site "San Sebastian ESP"]
[Date "2007.04.01"]
[Round "1"]
[White "Llaneza Vega,P"]
[Black "Juez Villar,E"]
[Result "1-0"]
[WhiteElo "2249"]
[BlackElo "1782"]

1.e4 d5 2.exd5 Qxd5 3.Nc3 Qd8 4.d4 c6 5.Nf3 Bf5 6.Bc4 Nf6 7.O-O e6 8.Bf4 Nbd7
9.Qe2 Be7 10.Rad1 O-O 11.Rfe1 Re8 12.Bb3 Bb4 13.Bd2 Nd5 14.Nxd5 Bxd2 15.Qxd2 cxd5
16.Qf4 Rc8 17.c3 Be4 18.Nd2 Nf6 19.Ba4 Re7 20.c4 b5 21.Nxe4 Nxe4 22.cxb5 Qa5
23.Bb3 Rec7 24.f3 Nf6 25.Rc1 h5 26.Kf2 Rxc1 27.Rxc1 Rxc1 28.Qxc1 Qxb5 29.Qc7 g6
30.Qxa7 Qd3 31.Qb8+ Kg7 32.Qf4 Ng8 33.Qe3  1-0

[Event "ch-Catalonia"]
[Site "Barcelona ESP"]
[Date "2007.04.02"]
[Round "2"]
[White "Aunes Cabanero,J"]
[Black "Alcazar Pascual,L"]
[Result "0-1"]
[WhiteElo "1830"]
[BlackElo "1970"]

1.e4 d5 2.exd5 Qxd5 3.Nc3 Qd6 4.d4 Nf6 5.Nf3 c6 6.h3 Bf5 7.Be3 Nbd7 8.Bc4 e6
9.Bb3 h6 10.Qd2 Qc7 11.Rd1 Bb4 12.Bf4 Qa5 13.O-O O-O-O 14.a3 Bxc3 15.bxc3 Ne4
16.Qe1 Qxa3 17.Qe2 Qa5 18.Rde1 g5 19.Bh2 Rhg8 20.Ne5 Nxe5 21.Bxe5 f6 22.Bh2 Rde8
23.g4 Bh7 24.f3 Nxc3 25.Bxe6+ Kd8 26.Qc4 Rg7 27.Re3 Rge7 28.Bd6 Nd5 29.Bxe7+ Rxe7
30.Ree1 Qc7 31.Rf2 Qg3+ 32.Kf1 Qxh3+ 33.Rg2 Qxf3+ 34.Kg1 Nf4 35.Qf1 Qxg2+
36.Qxg2 Nxg2 37.Kxg2 Bg8 38.d5 cxd5 39.Rd1 Bxe6 40.c4 Rd7 41.c5 Bxg4  0-1

[Event "ch-Catalonia"]
[Site "Barcelona ESP"]
[Date "2007.04.04"]
[Round "4"]
[White "Barbero Rodriguez,N"]
[Black "Serra Vilaro,A"]
[Result "0-1"]
[WhiteElo "1755"]
[BlackElo "1959"]

1.e4 d5 2.exd5 Qxd5 3.Nc3 Qd6 4.d4 Nf6 5.Be2 Bf5 6.Nf3 h6 7.Nb5 Qb6 8.a4 c6
9.a5 Qd8 10.Nc3 e6 11.O-O a6 12.Bf4 Bb4 13.Ne5 Bxa5 14.Rxa5 Qxa5 15.g4 Bh7
16.Nxf7 Kxf7 17.g5 hxg5 18.Be5 Nbd7 19.f4 gxf4 20.Rxf4 Rad8 21.Bh5+ Ke7 22.Qg4 Rdg8
23.Qg5 Bf5 24.Rxf5 exf5 25.Be2 Nxe5 26.Qxf5 Nf3+ 27.Qxf3 Qg5+ 28.Kf1 Rxh2
29.Ke1 Rgh8 30.Ne4 Rh1+ 31.Bf1 Qc1+ 32.Ke2  0-1

[Event "8th ch-Euro"]
[Site "Dresden GER"]
[Date "2007.04.04"]
[Round "2"]
[White "Bromberger,S"]
[Black "Nagatz,F"]
[Result "1-0"]
[WhiteElo "2495"]
[BlackElo "2276"]

1.e4 d5 2.exd5 Qxd5 3.Nc3 Qd6 4.d4 Nf6 5.Nf3 Bg4 6.h3 Bh5 7.g4 Bg6 8.Ne5 c6
9.Bg2 e6 10.h4 Bxc2 11.Qxc2 Qxd4 12.f4 Bb4 13.Bd2 Nbd7 14.Nxd7 Qxd7 15.g5 Nh5
16.O-O-O Qc7 17.Nb5 Bxd2+ 18.Rxd2 Qxf4 19.Nd6+ Ke7 20.Rf1  1-0

[Event "ch-Catalonia"]
[Site "Barcelona ESP"]
[Date "2007.04.05"]
[Round "5"]
[White "Blasco Benito,A"]
[Black "Cruz,Cr"]
[Result "0-1"]
[WhiteElo "2133"]
[BlackElo "2399"]

1.e4 d5 2.exd5 Qxd5 3.Nc3 Qd6 4.Nf3 Nf6 5.Be2 Bf5 6.O-O Nbd7 7.Nb5 Qb6 8.a4 a5
9.d3 c6 10.Be3 Qd8 11.Nbd4 Bg6 12.Nh4 e6 13.f4 Nd5 14.Nxg6 Nxe3 15.Qc1 hxg6
16.Qxe3 Bc5 17.c3 Qb6 18.Kh1 Nf6 19.Bf3 O-O-O 20.Rfc1 Bxd4 21.cxd4 Qxd4 22.Qd2 Qxd3
23.Qxa5 Rxh2+ 24.Kxh2 Rh8+ 25.Bh5 Ng4+ 26.Kh1 Rxh5+ 27.Qxh5 gxh5 28.Rc3 Qd2
29.a5 Qxf4  0-1

[Event "30th Open"]
[Site "San Sebastian ESP"]
[Date "2007.04.05"]
[Round "6"]
[White "Estevez Pegenaute,E"]
[Black "Sanz Rodero,M"]
[Result "0-1"]
[WhiteElo "1437"]
[BlackElo "1889"]

1.e4 d5 2.exd5 Qxd5 3.Nc3 Qd6 4.Nf3 Nf6 5.Be2 a6 6.O-O b5 7.d3 Bb7 8.Be3 e6
9.Nd2 Nbd7 10.Bf3 Bxf3 11.Nxf3 Be7 12.Qd2 O-O 13.Rfe1 Rfd8 14.Rad1 Rac8 15.Bf4 Qb4
16.b3 Qa5 17.Ne2 Bb4 18.c3 Be7 19.Ned4 c5 20.b4 cxb4 21.Qe2 bxc3 22.Nxe6 Re8
23.Neg5 c2  0-1

[Event "ch-Catalonia"]
[Site "Barcelona ESP"]
[Date "2007.04.06"]
[Round "6"]
[White "Roca Calaf,J"]
[Black "Cruz,F"]
[Result "0-1"]
[WhiteElo "2083"]
[BlackElo "2357"]

1.e4 d5 2.exd5 Qxd5 3.Nc3 Qd6 4.d4 Nf6 5.Nf3 c6 6.h3 Bf5 7.g4 Bg6 8.Ne5 Nbd7
9.Bf4 Qb4 10.Nc4 Ne4 11.a3 Nxc3 12.axb4 Nxd1 13.Kxd1 Be4 14.Rg1 f6 15.c3 g5
16.Bg3 h5 17.Kd2 Bd5 18.Bd3 Kf7 19.f4 hxg4 20.hxg4 gxf4 21.Bxf4 Bh6 22.Raf1 Bxf4+
23.Rxf4 Rh2+ 24.Kc1 b5 25.Ne3 a5 26.Nxd5 cxd5 27.bxa5 Rxa5 28.g5 Ra1+ 29.Bb1 e5
30.Rfg4 f5 31.R4g2 Rxg2 32.Rxg2 Kg6 33.b3 e4 34.Rg1 Nf8 35.Kd2 Ne6 36.c4 bxc4
37.bxc4 Nxd4 38.Ke3 Nf3 39.Rd1 d4+ 40.Kf4 d3 41.c5 Nd4  0-1

[Event "8th ch-Euro w"]
[Site "Dresden GER"]
[Date "2007.04.06"]
[Round "4"]
[White "Rudolf,An"]
[Black "Gvetadze,Sopi"]
[Result "1-0"]
[WhiteElo "2279"]
[BlackElo "2416"]

1.e4 d5 2.exd5 Qxd5 3.Nc3 Qd6 4.d4 Nf6 5.Nf3 a6 6.g3 Bg4 7.h3 Bh5 8.Bg2 Nc6
9.O-O O-O-O 10.Be3 e5 11.dxe5 Nxe5 12.g4 Qxd1 13.Raxd1 Rxd1 14.Rxd1 Nxf3+
15.Bxf3 Bg6 16.g5 Nd7 17.Bg4 Bd6 18.Nd5 Kd8 19.Bd4 Bxc2 20.Rd2 Ba4 21.Bxg7 Rg8
22.Bxd7 Bxd7 23.Bf6+ Kc8 24.Nb6+ cxb6 25.Rxd6 Bxh3 26.Rxb6 h6 27.Kh2 Bf5
28.gxh6 Rg6 29.Bd4 Rxb6 30.Bxb6 Kd7 31.Kg3 Ke6 32.Kf4 Bh7 33.Bd4 Bg6 34.Ke3 Bh7
35.Kd2 Kd5 36.Kc3 Bg6 37.Be3 Bh7 38.Kb4 Bg6 39.Ka5 Kc6 40.b4 Bd3 41.a3 Kc7
42.a4 Bh7 43.b5 axb5 44.axb5 Bg6 45.Bf4+ Kc8 46.Kb6 Bh7 47.Be5 f5 48.f4 Bg8
49.Bd6 Bh7 50.Kc5 Bg8 51.Kd4 Kd7 52.Ke5 Ke8 53.Kf6  1-0

[Event "8th ch-Euro w"]
[Site "Dresden GER"]
[Date "2007.04.06"]
[Round "4"]
[White "Kulovana,E"]
[Black "Winkelmann,E"]
[Result "1/2-1/2"]
[WhiteElo "2261"]
[BlackElo "2075"]

1.e4 d5 2.exd5 Qxd5 3.Nc3 Qd6 4.d4 Nf6 5.Nf3 a6 6.g3 b5 7.Bg2 Bb7 8.O-O e6
9.Bf4 Qd8 10.a4 b4 11.Ne2 Bd6 12.a5 O-O 13.Qe1 Nd5 14.Bxd6 Qxd6 15.Ne5 Nc6
16.Nd3 Nce7 17.c4 bxc3 18.bxc3 Rab8 19.Nc5 Ba8 20.Qd2 Nf6 21.Bxa8 Rxa8 22.Qf4 Qxf4
23.Nxf4 Ned5 24.Ne2 Rfe8 25.Rfb1 e5 26.c4 exd4 27.Nxd4 Nc3 28.Rb7 Ne2+ 29.Nxe2 Rxe2
30.Rxc7 h5 31.Rd1 Ng4 32.Rdd7 Ne5 33.Re7 Nf3+ 34.Kg2 Rxe7 35.Rxe7 Nd2 36.Nd7 Nxc4
37.Nb6 Nxb6 38.axb6 Rb8 39.b7 a5 40.Rc7 Kh7 41.Rxf7 a4 42.Rf5 Kh6 43.Ra5 Rxb7
44.Rxa4 Rb2 45.h4 Rc2 46.Ra6+ Kh7 47.Re6 Ra2 48.Kf3 Ra3+ 49.Kf4 Ra4+ 50.Re4 Ra2
51.Ke3 Ra3+ 52.Kd4 Ra4+ 53.Ke5 Ra5+ 54.Kf4 Ra2 55.f3 Ra3 56.Rd4 Kh6 57.Ke4 Rb3
58.Rd6+ Kh7 59.Rd3 Rb4+ 60.Ke3 Kh6 61.Rd6+ Kh7 62.Rd5 Kh6 63.Rf5 Rb3+ 64.Ke4 Rb4+
65.Ke5 Rb5+ 66.Ke6 Rb6+ 67.Kf7 Rb7+ 68.Kg8 Rb8+ 69.Rf8 Rb4 70.Re8 Rb6 71.f4 Kg6
72.Rf8 Kh6 73.f5 g6 74.g4 hxg4 75.f6 Kh5 76.Kg7 Kxh4 77.f7 Rb7 78.Kxg6 Kg3
79.Rg8 Rxf7 80.Kxf7 Kf3 81.Kg6 g3 82.Kh5 g2 83.Kh4 Kf2 84.Rf8+ Ke2 85.Rg8 Kf2
86.Rf8+ Ke2 87.Rg8 Kf2 88.Kh3 g1=Q 89.Rxg1 Kxg1  1/2-1/2

[Event "8th ch-Euro w"]
[Site "Dresden GER"]
[Date "2007.04.06"]
[Round "4"]
[White "Steil Antoni,F"]
[Black "Klek,H"]
[Result "1-0"]
[WhiteElo "2073"]
[BlackElo "1872"]

1.e4 d5 2.exd5 Qxd5 3.Nc3 Qd6 4.d4 Nf6 5.Nf3 a6 6.g3 Nc6 7.Bf4 Qd8 8.Bg2 Bg4
9.Be3 e6 10.Qd2 Be7 11.O-O O-O 12.a3 Nd5 13.Ne2 b5 14.Rac1 Nb6 15.Qc3 Na7
16.h3 Bh5 17.Nf4 Bg6 18.Ne5 Nd5 19.Qd2 Rb8 20.Qa5 Rb6 21.Nfxg6 hxg6 22.c4 Nxe3
23.fxe3 Bg5 24.Rce1 Qc8 25.c5 Rb8 26.Rf2 c6 27.Qd2 Rb7 28.Ref1 Bf6 29.Ng4 Bd8
30.Ne5 Bf6 31.Nd3 Qc7 32.Rf3 a5 33.b3 Nc8 34.Nf4 g5 35.Ne2 Ne7 36.e4 Ng6
37.Rxf6 gxf6 38.Rxf6 e5 39.Qxg5 Rd8 40.dxe5 Rd1+ 41.Kh2 Qe7 42.e6  1-0

[Event "XXXIV Open"]
[Site "La Roda ESP"]
[Date "2007.04.07"]
[Round "7"]
[White "Fernandez Romero,Ern"]
[Black "Rizouk,A"]
[Result "1/2-1/2"]
[WhiteElo "2437"]
[BlackElo "2484"]

1.e4 d5 2.exd5 Qxd5 3.Nc3 Qd6 4.d4 Nf6 5.Nf3 a6 6.Bd3 Bg4 7.O-O e6 8.Ne4 Nxe4
9.Bxe4 c6 10.c4 Nd7 11.Qb3 Qc7 12.Ne5 Nxe5 13.dxe5 Bh5 14.Re1 a5 15.Bd2 Bc5
16.Qh3 Qd7 17.Be3 Bxe3 18.Rxe3 Bg6 19.Rd3 Qe7 20.Bxg6 fxg6 21.Rad1 O-O 22.Rd6 Rf5
23.Qe3 Raf8 24.f3 h6 25.c5 R8f7 26.R1d4 Kh7 27.h3 Rf8 28.Kh2 R8f7 29.a3 Qf8
30.Rd3 Qe7 31.R3d4 Qf8 32.Qe1 Rf4 33.Rxf4 Rxf4 34.Rxe6 Qxc5 35.Qg3 g5 36.Qe1 Qc2
37.Rd6 Rxf3 38.Rd2 Rf1 39.Qe2 Qb1 40.e6 Qe1 41.Qxe1 Rxe1 42.Rd7 Rxe6 43.Rxb7 Re5
44.Rb6 Rc5 45.b4 axb4 46.axb4  1/2-1/2

[Event "45th Doeberl Cup"]
[Site "Canberra AUS"]
[Date "2007.04.08"]
[Round "6"]
[White "Timoshenko,G"]
[Black "Dragicevic,Do"]
[Result "1/2-1/2"]
[WhiteElo "2566"]
[BlackElo "2196"]

1.e4 d5 2.exd5 Qxd5 3.Nc3 Qd6 4.d4 Nf6 5.Nf3 a6 6.Be3 Nc6 7.Qd2 Bf5 8.Bc4 e6
9.Nh4 Bg6 10.Nxg6 hxg6 11.O-O-O O-O-O 12.a3 Ne7 13.g3 Ned5 14.Nb1 Be7 15.Qe2 Rh3
16.Bd2 Nb6 17.Bb3 Qc6 18.Be3 Rdh8 19.f3 Bd6 20.Qg2 Nc4 21.Bf2 Nd5 22.Bxc4 Qxc4
23.b3 Qc6 24.Kb2 b5 25.Rd3 g5 26.c3 a5 27.Nd2 a4 28.c4 axb3 29.c5 Nb6 30.Rxb3 Nc4+
31.Nxc4 bxc4 32.Rc3 Be7 33.Rxc4 g4 34.Rc3 Bf6 35.Ka2 Qd5+ 36.Rb3 Kd7 37.a4 Rb8
38.Rb1 Qc4 39.Ka3 Rxb3+ 40.Rxb3 Qc1+ 41.Rb2 Qa1+ 42.Kb3 Rh8 43.Kc2 Qxa4+
44.Kc1 gxf3 45.Qxf3 Rxh2 46.Kb1 Qc6 47.Rb3 Qxf3 48.Rxf3 Kc6 49.Kc1 Kd5 50.Kd1 c6
51.Ke1 Bxd4 52.Bxd4 Kxd4 53.Rxf7 Kxc5 54.Rxg7 e5 55.Kf1 Kd4 56.g4 e4 57.g5 Ke3
58.Rc7 Rf2+ 59.Ke1 Rg2 60.Kf1 Rxg5 61.Rxc6 Rf5+ 62.Ke1 Kf3 63.Rc3+ e3 64.Rc8 Rf6
65.Ra8 Rf5  1/2-1/2

[Event "8th ch-Euro"]
[Site "Dresden GER"]
[Date "2007.04.08"]
[Round "6"]
[White "Meinhardt,Ma"]
[Black "Schiefner,R"]
[Result "1-0"]
[WhiteElo "2369"]
[BlackElo "2047"]

1.e4 d5 2.exd5 Qxd5 3.Nc3 Qd6 4.d4 Nf6 5.Nf3 a6 6.g3 b5 7.Bg2 Bb7 8.O-O e6
9.Bf4 Qb6 10.a4 Bd6 11.Be3 Nd5 12.Nxd5 Bxd5 13.axb5 axb5 14.Rxa8 Bxa8 15.d5 Bc5
16.dxe6 fxe6 17.Bxc5 Qxc5 18.Qd4 Qxd4 19.Nxd4 Bxg2 20.Kxg2 c6 21.Nxe6 Kf7
22.Nc5 Rd8 23.Ra1 b4 24.Ra7+ Kf6 25.Rb7 Rd5 26.Ne4+ Kf5 27.Rxb8 Kxe4 28.Rxb4+ Kf5
29.h4 h5 30.Kf3 g6 31.Ke3 Re5+ 32.Kd3 c5 33.Rf4+  1-0

[Event "8th ch-Euro w"]
[Site "Dresden GER"]
[Date "2007.04.08"]
[Round "6"]
[White "Von Wantoch Rekowski,D"]
[Black "Danielian,E"]
[Result "0-1"]
[WhiteElo "2124"]
[BlackElo "2426"]

1.e4 d5 2.exd5 Qxd5 3.Nc3 Qd6 4.d4 Nf6 5.Be3 a6 6.Nf3 Nc6 7.Bc4 Bg4 8.h3 Bh5
9.g4 Bg6 10.Qd2 O-O-O 11.O-O-O Qb4 12.Qe2 e6 13.d5 Na5 14.Bxa6 Nxd5 15.Rd4 Nxc3
16.bxc3 Qa3+ 17.Kb1 Rxd4 18.Bxd4 bxa6 19.Qxa6+ Nb7 20.Qc6 Bd6 21.Nd2 Nd8
22.Qb5 Qa8 23.Re1 Qb7 24.c4 c6 25.Qxb7+ Nxb7 26.Bxg7 Rg8 27.Bf6 Nc5 28.Kb2 Kc7
29.c3 Nd3+  0-1